| 000 | 00361nam a2200145Ia 4500 | ||
|---|---|---|---|
| 008 | 210716s2008 xx 000 0 und d | ||
| 020 | _a0195677943 | ||
| 041 | _aeng | ||
| 082 | _a658.804023 GHOP | ||
| 100 | _aGhosh, P K. | ||
| 245 | _aIndustrial marketing. | ||
| 260 |
_aNew Delhi _bOxford University Press _c2008 |
||
| 300 | _aix,568 | ||
| 650 | _aMarketing | ||
| 999 |
_c203858 _d203858 |
||